| 000 | 00377nam a2200145Ia 4500 | ||
|---|---|---|---|
| 008 | 230917s9999||||xx |||||||||||||| ||und|| | ||
| 040 |
_e130435 _aMAIN |
||
| 041 | _aEnglish | ||
| 082 | _a338.6 B744I | ||
| 100 | _aBredo, William | ||
| 245 | 0 | _aIndustrial estates: Tool for industrialization | |
| 260 |
_aBombay _bAsia Publishing House _c1962 |
||
| 300 | _a270 p. | ||
| 942 | _cBK | ||
| 999 |
_c95187 _d95187 |
||